Southville International School and Colleges
Your cart is empty.
  • Cart
  • Lists
    Public lists Eva Luna New books Lux_list list_1
    Your lists Log in to create your own lists
  • Log in to your account
  • Your cookies
  • Search history
Southville International School and Colleges
  • Advanced search
  • Recent comments
  • Most popular
  • Libraries

Log in to your account

Log in with GOOGLE


If you do not have an external account, but do have a local account, you can still log in:

  1. Home
  2. MARC view: Differentiation in practice :
Normal view MARC view ISBD view

Differentiation in practice : (Record no. 12540)

[ view plain ]
MARC details
000 -LEADER
fixed length control field 01240cam a22003014a 4500
001 - CONTROL NUMBER
control field 12956170
003 - CONTROL NUMBER IDENTIFIER
control field OSt
005 - DATE AND TIME OF LATEST TRANSACTION
control field 20160602140851.0
008 - FIXED-LENGTH DATA ELEMENTS--GENERAL INFORMATION
fixed length control field 021003s2003 vaua b 001 0 eng
010 ## - LIBRARY OF CONGRESS CONTROL NUMBER
LC control number 2002151115
020 ## - INTERNATIONAL STANDARD BOOK NUMBER
International Standard Book Number 9780871206558 (alk. paper)
040 ## - CATALOGING SOURCE
Original cataloging agency DLC
Transcribing agency DLC
Modifying agency DLC
042 ## - AUTHENTICATION CODE
Authentication code pcc
050 00 - LIBRARY OF CONGRESS CALL NUMBER
Classification number LB 1623.5
Item number .T66 2003
082 00 - DEWEY DECIMAL CLASSIFICATION NUMBER
Classification number GLT 373.19
Item number T59 2003
100 1# - MAIN ENTRY--PERSONAL NAME
Personal name Tomlinson, Carol A.
9 (RLIN) 22437
245 10 - TITLE STATEMENT
Title Differentiation in practice :
Remainder of title a resource guide for differentiating curriculum, grades 5-9 /
Statement of responsibility, etc Carol Ann Tomlinson [and] Caroline Cunningham Eidson.
260 ## - PUBLICATION, DISTRIBUTION, ETC. (IMPRINT)
Place of publication, distribution, etc Alexandria, Va. :
Name of publisher, distributor, etc Association for Supervision and Curriculum Development,
Date of publication, distribution, etc 2003.
300 ## - PHYSICAL DESCRIPTION
Extent 247 p. :
Other physical details ill. ;
Dimensions 25 cm.
500 ## - GENERAL NOTE
General note Includes bibliographical references (p. 241-242) and index.
650 #0 - SUBJECT ADDED ENTRY--TOPICAL TERM
Topical term or geographic name as entry element Middle school education
General subdivision Curricula
Geographic subdivision United States.
9 (RLIN) 22492
650 #0 - SUBJECT ADDED ENTRY--TOPICAL TERM
Topical term or geographic name as entry element Ability grouping in education
Geographic subdivision United States.
9 (RLIN) 22493
700 1# - ADDED ENTRY--PERSONAL NAME
Personal name Eidson, Caroline Cunningham,
Dates associated with a name 1968-
9 (RLIN) 22494
906 ## - LOCAL DATA ELEMENT F, LDF (RLIN)
a 7
b cbc
c orignew
d 1
e ecip
f 20
g y-gencatlg
942 ## - ADDED ENTRY ELEMENTS (KOHA)
Source of classification or shelving scheme Library of Congress Classification
Koha item type Books
Holdings
Withdrawn status Lost status Source of classification or shelving scheme Damaged status Home library Current library Shelving location Date acquired Total Checkouts Full call number Barcode Date last seen Date checked out Copy number Price effective from Koha item type
    Library of Congress Classification   Luxembourg Library Luxembourg Library Genevive Ledesma - Tan Section 10/01/2013 1 LB 1623.5 .T66 2003 11691 05/25/2015 05/27/2014 1 10/01/2013 Books

Differentiation in practice :

APA

Tomlinson C. A., Eidson C. C., . (2003). Differentiation in practice. Alexandria, Va: Association for Supervision and Curriculum Development.

Chicago

Tomlinson Carol A, Eidson Caroline Cunningham, . 2003. Differentiation in practice. Alexandria, Va: Association for Supervision and Curriculum Development.

Harvard

Tomlinson C. A., Eidson C. C., . (2003). Differentiation in practice. Alexandria, Va: Association for Supervision and Curriculum Development.

MLA

Tomlinson Carol A, Eidson Caroline Cunningham, . Differentiation in practice. Alexandria, Va: Association for Supervision and Curriculum Development. 2003.

  • Place hold
  • Print
  • Cite
  • Add to your cart (remove)
  • Save record
    BIBTEX Dublin Core MARCXML MARC (non-Unicode/MARC-8) MARC (Unicode/UTF-8) MARC (Unicode/UTF-8, Standard) MODS (XML) RIS
  • More searches
    Search for this title in:
    Other Libraries (WorldCat) Other Databases (Google Scholar) Online Stores (Bookfinder.com) Open Library (openlibrary.org)

Exporting to Dublin Core...

SOUTHVILLE LIBRARY

Southville International School and Colleges Library

1281 Tropical Ave. Cor. Luxembourg St., BF Homes International, Las Pinas City

Tel. No. 8256374 / 252358 Loc. 117/146

Powered by Koha